000 00590nam a2200217Ia 4500
003 OSt
005 20230503154419.0
008 210423s2016 xx 000 0 und d
020 _a978-1-138-49299-8
040 _cAL
041 _aeng
082 _a809.38762
_223
_bVINS
100 _aVINT, Sherryl
_997306
245 _aScience fiction and cultural theory: a reader
260 _aLondon
_bRoutledge
_c2016
300 _axi,309
_bPB
365 _b1295
_cINR
650 _aHistory of Literature
_997307
906 _acultural ; fiction ; reader ; Science ; theory:
942 _2ddc
_cBK
999 _c170915
_d170915